Ekvivalentná obvodová analýza a širokopásmové modelovanie lineárnych pasívnych prvkov SMD

Na minha lista:
Detalhes bibliográficos
Autor principal: Múčka, Matej (Author)
Outros Autores: Dosoudil, Rastislav (Thesis advisor)
Formato: Manuscrito Livro
Idioma:eslovaco
Publicado em: Bratislava : STU v Bratislave FEI, 2025
Assuntos:
Acesso em linha:https://opac.crzp.sk/?fn=detailBiblioFormChildA163KA&sid=809C367C54749DCAAB42ADFF7E5A&seo=CRZP-detail-kniha
Tags: Adicionar Tag
Sem tags, seja o primeiro a adicionar uma tag!

MARC

LEADER 00000ntm a22000003a 4500
001 stuzp101068
003 SK-STU
005 20260323135836.6
007 ta
008 150427s2015----xo-----f-mn---000-0-slo-d
040 |a STU  |b slo 
041 0 |a slo 
044 |a xo 
100 1 |a Múčka, Matej  |u 034000  |4 aut  |U FEI Fakulta elektrotechniky a informatiky  |T FEI Ústav elektrotechniky  |X 111053  |U E040  |Y 550  |7 111053 
242 0 1 |a Equivalent Circuit Analysis and Broadband Modeling of Linear Passive SMD Components  |y eng 
245 1 0 |a Ekvivalentná obvodová analýza a širokopásmové modelovanie lineárnych pasívnych prvkov SMD 
260 |a Bratislava :  |b STU v Bratislave FEI,  |c 2025 
300 |a 64 s. 
650 4 |a VNA  |2 eng 
650 4 |a high frequencie  |2 eng 
650 4 |a SMD components  |2 eng 
650 4 |a vysoké frekvencie  |2 slo 
650 4 |a VNA  |2 slo 
650 4 |a SMD súčiastky  |2 slo 
700 1 |a Dosoudil, Rastislav  |u 034000  |k Z1  |4 ths  |U FEI Fakulta elektrotechniky a informatiky  |T FEI Ústav elektrotechniky  |X 1976  |U E040  |Y 550  |7 A000001976 
856 4 |u https://opac.crzp.sk/?fn=detailBiblioFormChildA163KA&sid=809C367C54749DCAAB42ADFF7E5A&seo=CRZP-detail-kniha